000 00333nam a2200133Ia 4500
005 20260326100047.0
008 260326s9999||||xx |||||||||||||| ||und||
100 _aCaprino, Catia
245 0 _aLa Villa Adriana :
_b Como fué y como es /
_cCatia Caprino
260 _bVisión
300 _a53 p.
650 _aANTIGUEDAD
942 _cBK
999 _c7230
_d7230